=LDR 00000nam 2200000 4500 =001 $a INLIS000000000008403 =005 $a 20260604145959 =008 $a 260604################g##########0#ind## =022 ##$$a 979-448-678-7 =035 ##$$a 0010-0626000030 =082 ##$$a 618.2 =084 ##$$a 618.2 GRA b =100 1#$$a Graber A. Mark =245 ##$$a Buku Saku Dokter Keluarga $b - $c Graber A. Mark =247 ##$$a =260 ##$$a Jakarta $b EGC $c 1996 =300 ##$$a xxx, 867 hlm $b ilus $c 21cm $e =310 ##$$a =321 ##$$a =520 #$$a buku ini berisi informasi lengkap dan mendalam yang dibutuhkan untuk penegakan diagnosis dan pengobatan penyakit yang lazim terjadi =650 #$$a kebidanan =700 #$$a Herting L. Robert =700 #$$a Toth P. Peter =856 ##$$a =Wor $a 1